00449nam a2200193Ia 4500003000900000008004100009040001300050040001300063041000800076100001900084245007000103250001200173260001000185260000900195300001100204300001000215490002300225490000700248IT-RoPAU120407s9999 xx 000 0 und d aIT-RoPAU cIT-RoPAU aita aJean Danielou  aL’avvenire della religione. Trad. dal franc. di Piera Zumaglino aTorino  aBorla c1969 a152 p. c21 cm aLe idee e la vita  v46